00433nam a2200145Ia 4500008004100000041000900041082001900050100002800069245002600097260003400123300000900157650000800166999001700174952009600191230718s9999 xx 000 0 und d aEng. a3495490bPAK-S aPakistan, Supreme Court 0aSupreme Court Monthly aPakistanbSupreme Courtc2015 a1816 aLaw c30884d30884 00104070aSIRC-LbSIRC-Ld2023-07-18l0o3495490 PAK-Sp25835r2023-07-18w2023-07-18yBK